Mistr Sun & umění obchodu jak správně použít principy Umění války v podnikání
Uložené v:
| Hlavný autor: | |
|---|---|
| Médium: | Kniha |
| Jazyk: | Czech |
| Vydavateľské údaje: |
Brno
B4U Publishing
2014
|
| Predmet: | |
| Tagy: |
Žiadne tagy, Buďte prvý, kto otaguje tento záznam!
|
MARC
| LEADER | 00000nam a2200000 4500 | ||
|---|---|---|---|
| 001 | 0204254 | ||
| 005 | 20221207093657.7 | ||
| 020 | |a 978-80-87222-28-7 | ||
| 041 | 0 | |a cze | |
| 044 | |a CZ | ||
| 245 | 1 | 0 | |a Mistr Sun & umění obchodu |b jak správně použít principy Umění války v podnikání |c Mark R. McNeilly |
| 264 | 1 | |a Brno |b B4U Publishing |c 2014 | |
| 300 | |a 278 s. | ||
| 610 | 2 | 0 | |a obchod |
| 610 | 2 | 0 | |a stratégia obchodná |
| 610 | 2 | 0 | |a podnikanie |
| 610 | 2 | 0 | |a stratégia podnikateľská |
| 610 | 2 | 0 | |a stratégia podniková |
| 610 | 2 | 0 | |a vojny |
| 100 | 1 | |a McNeilly, Mark R. | |